| 000 | 01128cas a22003377ar4500 | ||
|---|---|---|---|
| 005 | 20220329142116.0 | ||
| 008 | 990701d1948 es br pernn 0 uub0spa d | ||
| 010 | _a78556 | ||
| 011 | _a79528 | ||
| 035 | _a89787 | ||
| 245 | 0 | 0 |
_aBoletín de Información _c/por Ministerio de Agricultura |
| 260 | 0 |
_aMadrid, España : _bPublicaciones de Capacitación Agraria, _c1948- |
|
| 300 | _av. | ||
| 310 | _aBimestral | ||
| 362 | 1 | _av.20 n.128, 1967 | |
| 500 | _aSe dejó de recibir a partir del v.21 n.129 de 1968. | ||
| 590 |
_aBATCH-UPD _b10 _c20130110 _lUCH01 _h2353 |
||
| 590 |
_aBATCH-UPD _b10 _c20130410 _lUCH01 _h1640 |
||
| 590 |
_aCONVERSION _b10 _c20130109 _lUCH01 _h1344 |
||
| 650 | 1 | 4 |
_aAgricultura _xEspana _xPublicaciones periodicas. _91416 |
| 785 | 1 | 0 | _tInformación Agraria |
| 866 | _av.10 n.67-68 (1957) | ||
| 866 | _av.12 n.75-v.20 n.128 (1959-1967) | ||
| 866 | _av.2 n.10-12 (1949) | ||
| 866 | _av.3 n.18 (1950) | ||
| 866 | _av.7 n.47 (1954) | ||
| 866 | _av.8 n.51,54-55 (1955) | ||
| 866 | _av.9 n.58-60,62 (1956) | ||
| 901 | _aSE | ||
| 905 | _aMarco A. Mendoza T: | ||
| 999 |
_c78556 _d78556 |
||